[Event "10. Open Pueblo Nuevo 2023"]
[Site "Madrid ESP"]
[Date "2023.09.24"]
[Round "2.10"]
[White "Perdiguero Herreros, Alejandro"]
[Black "Priego Moreno, Juan Manuel"]
[Result "1-0"]
[WhiteElo "1771"]
[BlackElo "1469"]
[PlyCount "43"]
[EventDate "2023.09.23"]
[EventType "swiss"]
[EventRounds "9"]
[EventCountry "ESP"]
[SourceTitle "Ajedrez en Madrid"]
[Source "lmi"]
[SourceDate "2023.09.23"]
[SourceVersion "1"]
[SourceVersionDate "2023.10.01"]
[SourceQuality "1"]

1. e4 e5 2. Nf3 Nc6 3. Bc4 Bc5 4. c3 Nf6 5. d3 h6 6. O-O d5 7. exd5 Nxd5 8. Qb3
Na5 9. Qb5+ c6 10. Qxc5 Nxc4 11. dxc4 e4 12. cxd5 exf3 13. Re1+ Be6 14. dxe6
Qf6 15. Qd6 Rd8 16. exf7+ Kxf7 17. Qxf6+ gxf6 18. g3 Rd3 19. Nd2 Rg8 20. Re3
Rxe3 21. fxe3 h5 22. Nxf3 1-0

[Event "10. Open Pueblo Nuevo 2023"]
[Site "Madrid ESP"]
[Date "2023.09.24"]
[Round "2.11"]
[White "Lopez Guitian, Juan J."]
[Black "Sotoca Aguado, Jose"]
[Result "1/2-1/2"]
[WhiteElo "1468"]
[BlackElo "1667"]
[PlyCount "85"]
[EventDate "2023.09.23"]
[EventType "swiss"]
[EventRounds "9"]
[EventCountry "ESP"]
[SourceTitle "Ajedrez en Madrid"]
[Source "lmi"]
[SourceDate "2023.09.23"]
[SourceVersion "1"]
[SourceVersionDate "2023.10.01"]
[SourceQuality "1"]

1. e4 c6 2. Nf3 d5 3. Nc3 Bg4 4. h3 Bh5 5. exd5 cxd5 6. d4 e6 7. Bb5+ Nc6 8. g4
Bg6 9. Ne5 Rc8 10. Bf4 a6 11. Nxc6 bxc6 12. Bxa6 Bb4 13. Bxc8 Qxc8 14. Qe2 Nf6
15. f3 O-O 16. h4 h6 17. g5 Nd7 18. O-O Nb6 19. a3 Be7 20. a4 Qa8 21. a5 Nc4
22. a6 Qa7 23. Ra2 Qxd4+ 24. Qf2 Qxf4 25. a7 Ra8 26. Ne2 Qc7 27. b3 Nb6 28.
Rfa1 c5 29. Ra6 Nc8 30. Nc3 Qb7 31. Qe2 Rxa7 32. Rxa7 Nxa7 33. Qa6 Qc7 34. Kg2
Qe5 35. Qxa7 Qxc3 36. Qb8+ Kh7 37. Ra8 Qd2+ 38. Kg3 Qe1+ 39. Kg2 Bxc2 40. Qh8+
Kg6 41. Rg8 Qe2+ 42. Kg1 Qe1+ 43. Kg2 1/2-1/2

[Event "10. Open Pueblo Nuevo 2023"]
[Site "Madrid ESP"]
[Date "2023.09.24"]
[Round "2.12"]
[White "Camarero Izquierdo, Juan Carlos"]
[Black "Martinez Miura, Enrique"]
[Result "1-0"]
[WhiteElo "1721"]
[BlackElo "1473"]
[PlyCount "119"]
[EventDate "2023.09.23"]
[EventType "swiss"]
[EventRounds "9"]
[EventCountry "ESP"]
[SourceTitle "Ajedrez en Madrid"]
[Source "lmi"]
[SourceDate "2023.09.23"]
[SourceVersion "1"]
[SourceVersionDate "2023.10.01"]
[SourceQuality "1"]

1. e4 c6 2. d4 d5 3. e5 Bf5 4. g4 Bg6 5. h4 h5 6. g5 Nd7 7. e6 fxe6 8. Bd3 Bf5
9. g6 Qc7 10. Qf3 Ngf6 11. Bxf5 exf5 12. Qxf5 O-O-O 13. Nf3 e6 14. Qh3 Bd6 15.
Nc3 Kb8 16. Be3 Rde8 17. O-O-O Ng4 18. Ng5 Bf4 19. Rhf1 Rhf8 20. Nf7 Bxe3+ 21.
fxe3 e5 22. Rf3 exd4 23. exd4 Re6 24. Ne5 Rxf3 25. Nxd7+ Qxd7 26. Qxf3 Rxg6 27.
Re1 Rf6 28. Qg3+ Ka8 29. Na4 b6 30. Qa3 Qf7 31. Nxb6+ Kb8 32. Na4 Rf1 33. Qb4+
Kc8 34. Nc5 Qf4+ 35. Kb1 Rxe1+ 36. Qxe1 Qe3 37. Qf1 Nf6 38. Qa6+ Kd8 39. a3
Qe1+ 40. Ka2 Qxh4 41. Qxa7 Qg4 42. Qb6+ Ke7 43. Qc7+ Kf8 44. Qxc6 Kg8 45. Ne6
Kf7 46. Nd8+ Kg8 47. a4 Qxd4 48. Qe6+ Kh7 49. b3 Qd2 50. Qf5+ Kg8 51. Qg6 Ne4
52. Qf7+ Kh7 53. Qxh5+ Kg8 54. Qf7+ Kh7 55. Qf5+ Kg8 56. Qe6+ Kh7 57. Qh3+ Kg8
58. Qd3 Qa5 59. Nc6 Qc5 60. Qxd5+ 1-0

[Event "10. Open Pueblo Nuevo 2023"]
[Site "Madrid ESP"]
[Date "2023.09.24"]
[Round "2.13"]
[White "Aldea Moreno, Marina"]
[Black "Veuthey Martinez, Eloy"]
[Result "1-0"]
[WhiteElo "1643"]
[BlackElo "1462"]
[PlyCount "96"]
[EventDate "2023.09.23"]
[EventType "swiss"]
[EventRounds "9"]
[EventCountry "ESP"]
[SourceTitle "Ajedrez en Madrid"]
[Source "lmi"]
[SourceDate "2023.09.23"]
[SourceVersion "1"]
[SourceVersionDate "2023.10.01"]
[SourceQuality "1"]

1. e4 d6 2. d4 Nf6 3. Nc3 e5 4. dxe5 dxe5 5. Qxd8+ Kxd8 6. Bc4 Be6 7. Bxe6 fxe6
8. Nge2 Bc5 9. f3 Nbd7 10. Bd2 Ke7 11. O-O-O Rhd8 12. Na4 Bd6 13. Be3 b5 14.
Nac3 a6 15. Nb1 Bc5 16. Bxc5+ Nxc5 17. Rd2 Rxd2 18. Nxd2 Rd8 19. Rd1 Nb7 20.
Nf1 Rxd1+ 21. Kxd1 c5 22. Ne3 Nd8 23. a4 Nc6 24. axb5 axb5 25. c3 c4 26. Nc2
Kd6 27. Kd2 Kc5 28. Ke3 b4 29. g3 bxc3 30. bxc3 Nd7 31. f4 Nb6 32. Ne1 Na4 33.
Nf3 Kd6 34. Ng5 exf4+ 35. gxf4 h6 36. Nf3 Ke7 37. Nfd4 Nxd4 38. Kxd4 Nb2 39. h4
g6 40. Ng3 Kf6 41. e5+ Kf7 42. Ne2 Ke7 43. Kc5 Kd7 44. Kd4 Kc6 45. Ng3 Kb5 46.
Ne4 Ka4 47. Nc5+ Kb5 48. Nxe6 Kc6 1-0

[Event "10. Open Pueblo Nuevo 2023"]
[Site "Madrid ESP"]
[Date "2023.09.24"]
[Round "2.14"]
[White "Martin Sanchez, Fernando"]
[Black "Perez Pascual, Arturo"]
[Result "1/2-1/2"]
[WhiteElo "1486"]
[BlackElo "1616"]
[PlyCount "103"]
[EventDate "2023.09.23"]
[EventType "swiss"]
[EventRounds "9"]
[EventCountry "ESP"]
[SourceTitle "Ajedrez en Madrid"]
[Source "lmi"]
[SourceDate "2023.09.23"]
[SourceVersion "1"]
[SourceVersionDate "2023.10.01"]
[SourceQuality "1"]

1. b4 c6 2. Bb2 a5 3. a3 axb4 4. axb4 Rxa1 5. Bxa1 Qb6 6. c3 d5 7. d4 Bf5 8.
Bb2 e6 9. Nd2 Nf6 10. Ngf3 Nbd7 11. Nb3 Ne4 12. Nfd2 Nef6 13. Qa1 Be7 14. Qa8+
Bd8 15. Na5 O-O 16. Qxb7 Qxb7 17. Nxb7 Bc7 18. Nb3 Nb6 19. f3 Nc4 20. Bc1 Rb8
21. N7c5 Bc2 22. e3 Ra8 23. Be2 Ra2 24. Bxc4 dxc4 25. Nd2 Bd3 26. Nxd3 cxd3 27.
O-O Nd5 28. c4 Nxe3 29. Re1 Nc2 30. Rd1 Nxb4 31. Ne4 Ra1 32. Nf2 f5 33. g3 Kf7
34. Kf1 g6 35. Ke1 Ba5 36. Kf1 Nc2 37. Nxd3 Ne3+ 38. Bxe3 Rxd1+ 39. Ke2 Ra1 40.
Ne5+ Ke8 41. Nxc6 Ra2+ 42. Kd1 Bc7 43. c5 Kd7 44. Nb4 Rxh2 45. c6+ Kc8 46. d5
exd5 47. Nxd5 Bxg3 48. Bb6 Bd6 49. Bd4 Rh4 50. Bf6 Ra4 51. Nb6+ Kc7 52. Nxa4
1/2-1/2

[Event "10. Open Pueblo Nuevo 2023"]
[Site "Madrid ESP"]
[Date "2023.09.24"]
[Round "2.15"]
[White "Castro Uceda, Jose Antonio"]
[Black "Lozano Valverde, Eduardo"]
[Result "1-0"]
[WhiteElo "1523"]
[BlackElo "1177"]
[PlyCount "67"]
[EventDate "2023.09.23"]
[EventType "swiss"]
[EventRounds "9"]
[EventCountry "ESP"]
[SourceTitle "Ajedrez en Madrid"]
[Source "lmi"]
[SourceDate "2023.09.23"]
[SourceVersion "1"]
[SourceVersionDate "2023.10.01"]
[SourceQuality "1"]

1. e4 c5 2. Nf3 Nc6 3. d4 d5 4. e5 e6 5. Be2 Nge7 6. Bg5 Qd7 7. g4 h6 8. Bh4
Ng6 9. Bg3 Be7 10. Nc3 a6 11. Na4 Qc7 12. dxc5 Qa5+ 13. Nc3 Bxc5 14. O-O Nce7
15. a3 Qc7 16. b4 Bb6 17. Qd2 Bd7 18. Rfe1 Rd8 19. Bd3 d4 20. Ne2 Bc6 21. Nh4
Nxh4 22. Bxh4 Qxe5 23. Nf4 Qd6 24. Bg3 e5 25. Nh5 Rg8 26. Bxe5 Qd5 27. Be4 Qxe5
28. Bxc6+ bxc6 29. Rxe5 Kf8 30. Nf4 Bc7 31. Ree1 g5 32. Nh5 Rg6 33. Re4 Bb6 34.
Rae1 1-0

[Event "10. Open Pueblo Nuevo 2023"]
[Site "Madrid ESP"]
[Date "2023.09.25"]
[Round "3.1"]
[White "Longa Yauca, Javier"]
[Black "Mkrtchyan, Levon"]
[Result "1-0"]
[WhiteElo "2197"]
[BlackElo "2233"]
[PlyCount "69"]
[EventDate "2023.09.23"]
[EventType "swiss"]
[EventRounds "9"]
[EventCountry "ESP"]
[SourceTitle "Ajedrez en Madrid"]
[Source "lmi"]
[SourceDate "2023.09.23"]
[SourceVersion "1"]
[SourceVersionDate "2023.10.01"]
[SourceQuality "1"]

1. Nf3 d5 2. b3 Nf6 3. Bb2 e6 4. e3 Be7 5. d4 O-O 6. Bd3 c5 7. Nbd2 Nbd7 8. c4
b6 9. Rc1 Bb7 10. Qc2 Rc8 11. Qb1 cxd4 12. exd4 dxc4 13. bxc4 Bxf3 14. Nxf3
Bb4+ 15. Kf1 Bd6 16. Re1 h6 17. Rg1 Qc7 18. g4 Bxh2 19. g5 Bxg1 20. gxf6 Nxf6
21. Nxg1 Qh2 22. Qd1 Nh5 23. Re3 Nf4 24. Rg3 Nxd3 25. Qxd3 Qh4 26. Nf3 Qf4 27.
Kg2 f6 28. Qe2 Rfe8 29. Nd2 Qc7 30. Qh5 Kh8 31. d5 e5 32. Ne4 Rf8 33. Ba3 Qxc4
34. Qg6 Rf7 35. Nxf6 1-0

[Event "10. Open Pueblo Nuevo 2023"]
[Site "Madrid ESP"]
[Date "2023.09.25"]
[Round "3.2"]
[White "Martinez Fernandez, Raul"]
[Black "Garrido Olivares, Ricard"]
[Result "1-0"]
[WhiteElo "2228"]
[BlackElo "2164"]
[PlyCount "117"]
[EventDate "2023.09.23"]
[EventType "swiss"]
[EventRounds "9"]
[EventCountry "ESP"]
[SourceTitle "Ajedrez en Madrid"]
[Source "lmi"]
[SourceDate "2023.09.23"]
[SourceVersion "1"]
[SourceVersionDate "2023.10.01"]
[SourceQuality "1"]

1. e4 c6 2. d4 d5 3. Nc3 dxe4 4. Nxe4 Nf6 5. Nxf6+ exf6 6. c3 Bd6 7. Bd3 O-O 8.
Ne2 Re8 9. Qc2 h5 10. O-O h4 11. h3 Nd7 12. Bd2 Nf8 13. Rae1 g6 14. c4 Be6 15.
Kh1 Bc7 16. Bc3 Qd6 17. f4 f5 18. Ng1 Bd7 19. c5 Qd5 20. Qf2 Rxe1 21. Rxe1 Re8
22. Rxe8 Bxe8 23. Qxh4 Bd8 24. Qe1 Bd7 25. b3 Bf6 26. Qe3 Ne6 27. Ne2 Kg7 28.
Kh2 b5 29. g4 Nc7 30. Ba5 Bd8 31. Nc3 Qe6 32. Qxe6 fxe6 33. Kg3 Kf7 34. a4 a6
35. Na2 Ke8 36. Nb4 Nd5 37. Nxd5 Bxa5 38. Ne3 Kf7 39. Kf3 Bc3 40. Nc2 Bd2 41.
Be2 Ke7 42. Bd1 Be8 43. Ne3 Bc3 44. Nc2 Bd2 45. Na3 Bc1 46. Nb1 Bb2 47. Ke3
Bc1+ 48. Nd2 bxa4 49. bxa4 a5 50. Kd3 Bxd2 51. Kxd2 Kf6 52. Ke3 Bd7 53. Bf3 Ke7
54. Kf2 fxg4 55. hxg4 Kf6 56. Kg3 Be8 57. g5+ Ke7 58. Kf2 Kd7 59. Ke3 1-0

[Event "10. Open Pueblo Nuevo 2023"]
[Site "Madrid ESP"]
[Date "2023.09.25"]
[Round "3.3"]
[White "Martin Duque, Jesus"]
[Black "Pena Hernandez, Francisco Javier"]
[Result "1-0"]
[WhiteElo "2370"]
[BlackElo "1769"]
[PlyCount "75"]
[EventDate "2023.09.23"]
[EventType "swiss"]
[EventRounds "9"]
[EventCountry "ESP"]
[SourceTitle "Ajedrez en Madrid"]
[Source "lmi"]
[SourceDate "2023.09.23"]
[SourceVersion "1"]
[SourceVersionDate "2023.10.01"]
[SourceQuality "1"]

1. Nf3 c6 2. g3 d5 3. Bg2 g6 4. O-O Bg7 5. d4 Nd7 6. c4 Ngf6 7. b3 O-O 8. Bb2
Ne4 9. Ne5 Qc7 10. cxd5 cxd5 11. Nd3 e6 12. Nd2 Nc3 13. Qe1 Nb5 14. Nf3 Qb6 15.
a4 Nd6 16. Ba3 Re8 17. Bc5 Qc7 18. Bb4 b6 19. Rc1 Qb7 20. Nfe5 Ne4 21. Nc6 Kh8
22. f3 Nef6 23. e4 dxe4 24. fxe4 Bf8 25. Bxf8 Rxf8 26. Ne7 Kg7 27. e5 Nd5 28.
Nxd5 exd5 29. Nb4 Qb8 30. Nc6 Qc7 31. Bxd5 Bb7 32. Ne7 Qb8 33. Qe4 Bxd5 34.
Nxd5 Qd8 35. Rc7 Rc8 36. Rxa7 Kg8 37. Rxd7 Qxd7 38. Nf6+ 1-0

[Event "10. Open Pueblo Nuevo 2023"]
[Site "Madrid ESP"]
[Date "2023.09.25"]
[Round "3.4"]
[White "Martinez Ramirez, Lennis"]
[Black "Perdiguero Herreros, Alejandro"]
[Result "1-0"]
[WhiteElo "2464"]
[BlackElo "1771"]
[PlyCount "83"]
[EventDate "2023.09.23"]
[EventType "swiss"]
[EventRounds "9"]
[EventCountry "ESP"]
[SourceTitle "Ajedrez en Madrid"]
[Source "lmi"]
[SourceDate "2023.09.23"]
[SourceVersion "1"]
[SourceVersionDate "2023.10.01"]
[SourceQuality "1"]

1. d4 Nf6 2. Bg5 e6 3. Nc3 d5 4. e4 dxe4 5. Nxe4 Be7 6. Bxf6 Bxf6 7. Nf3 Be7 8.
Bd3 Nd7 9. Qe2 c5 10. dxc5 Nxc5 11. Nxc5 Qa5+ 12. c3 Qxc5 13. Bb5+ Bd7 14.
Bxd7+ Kxd7 15. Ne5+ Kc7 16. O-O-O Bd6 17. Rxd6 Qxd6 18. Qc4+ Kb6 19. Nxf7 Qd5
20. Qxd5 exd5 21. Nxh8 Rxh8 22. Re1 Rf8 23. Re6+ Kc5 24. f3 Rf7 25. Kd2 d4 26.
Re5+ Kd6 27. cxd4 Rc7 28. h4 Rc4 29. Re4 Kd5 30. Kd3 Rc1 31. Re7 Rd1+ 32. Kc2
Rxd4 33. Rxb7 Rxh4 34. Rxg7 a6 35. Ra7 Rh6 36. Kd3 Rg6 37. g4 Rf6 38. Ke3 h6
39. f4 Re6+ 40. Kf3 Kd4 41. Rd7+ Kc5 42. b3 1-0

[Event "10. Open Pueblo Nuevo 2023"]
[Site "Madrid ESP"]
[Date "2023.09.25"]
[Round "3.5"]
[White "Rottenwohrer Suarez, Juan"]
[Black "Fernandez Liria, Cristobal"]
[Result "1-0"]
[WhiteElo "2281"]
[BlackElo "1634"]
[PlyCount "147"]
[EventDate "2023.09.23"]
[EventType "swiss"]
[EventRounds "9"]
[EventCountry "ESP"]
[SourceTitle "Ajedrez en Madrid"]
[Source "lmi"]
[SourceDate "2023.09.23"]
[SourceVersion "1"]
[SourceVersionDate "2023.10.01"]
[SourceQuality "1"]

1. d4 Nf6 2. Nf3 d5 3. c4 e6 4. Nc3 Be7 5. Bf4 c6 6. e3 O-O 7. h3 Nbd7 8. a3
Re8 9. Qc2 Nf8 10. Ne5 N6d7 11. Rd1 f6 12. Nf3 Ng6 13. Bg3 Ndf8 14. Be2 Bd6 15.
Bxd6 Qxd6 16. O-O Qc7 17. cxd5 cxd5 18. Qb3 Bd7 19. Rc1 Bc6 20. Rc2 a6 21. Rfc1
Qd8 22. Qa2 Rc8 23. b4 Bd7 24. Nd2 f5 25. f4 Qf6 26. Nb3 Nh4 27. g3 Nhg6 28.
Nc5 Rc7 29. Bf3 Ne7 30. h4 Kh8 31. a4 Rd8 32. b5 axb5 33. axb5 b6 34. Nxd7 Nxd7
35. Qa3 Rdc8 36. Qd6 Qf7 37. Bd1 Ng6 38. Na4 Rxc2 39. Rxc2 Rxc2 40. Bxc2 Qe7
41. Qc6 Ngf8 42. Qc3 h6 43. Bd3 Qd8 44. Qc6 Qb8 45. Qc3 Qa7 46. Qb4 Qc7 47. Kf2
Qa7 48. Be2 Qc7 49. Qe7 Qa7 50. Nb2 Qa1 51. Nd3 Qh1 52. Ne5 Qh2+ 53. Ke1 Qxg3+
54. Kd2 Qg1 55. Nxd7 Nxd7 56. Qxd7 Qb1 57. Qc8+ Kh7 58. Qc2 Qxc2+ 59. Kxc2 g6
60. Kd2 h5 61. e4 fxe4 62. f5 exf5 63. Ke3 Kg7 64. Kf4 Kf6 65. Bd1 Ke6 66. Kg5
Kf7 67. Bc2 Kg7 68. Bb3 e3 69. Bd1 Kf7 70. Kf4 Kf6 71. Bf3 Ke6 72. Kxe3 Kd6 73.
Kf4 Ke6 74. Kg5 1-0

[Event "10. Open Pueblo Nuevo 2023"]
[Site "Madrid ESP"]
[Date "2023.09.25"]
[Round "3.6"]
[White "Pinto, Daniel"]
[Black "Lopez Guitian, Juan J."]
[Result "1-0"]
[WhiteElo "2274"]
[BlackElo "1468"]
[PlyCount "57"]
[EventDate "2023.09.23"]
[EventType "swiss"]
[EventRounds "9"]
[EventCountry "ESP"]
[SourceTitle "Ajedrez en Madrid"]
[Source "lmi"]
[SourceDate "2023.09.23"]
[SourceVersion "1"]
[SourceVersionDate "2023.10.01"]
[SourceQuality "1"]

1. e4 e5 2. Nf3 Nc6 3. Bb5 a6 4. Ba4 Nf6 5. O-O Be7 6. d3 b5 7. Bb3 O-O 8. a3
d5 9. exd5 Nxd5 10. h3 Be6 11. Re1 Bd6 12. c3 a5 13. Nbd2 a4 14. Ba2 Nf4 15.
Ne4 Bxa2 16. Rxa2 f5 17. Nxd6 cxd6 18. Bxf4 exf4 19. b4 Qf6 20. Rae2 Qxc3 21.
Rc2 Qxa3 22. Rxc6 Qxb4 23. Re7 Rf7 24. Rxf7 Kxf7 25. Rc7+ Ke6 26. Ng5+ Ke5 27.
Qe2+ Kd4 28. Qe6 Kxd3 29. Qxf5+ 1-0

[Event "10. Open Pueblo Nuevo 2023"]
[Site "Madrid ESP"]
[Date "2023.09.25"]
[Round "3.7"]
[White "Gallego Bergada, Antoni"]
[Black "Valido Gonzalez, Himar"]
[Result "1-0"]
[WhiteElo "2118"]
[BlackElo "1439"]
[PlyCount "27"]
[EventDate "2023.09.23"]
[EventType "swiss"]
[EventRounds "9"]
[EventCountry "ESP"]
[SourceTitle "Ajedrez en Madrid"]
[Source "lmi"]
[SourceDate "2023.09.23"]
[SourceVersion "1"]
[SourceVersionDate "2023.10.01"]
[SourceQuality "1"]

1. d4 Nf6 2. Nc3 d5 3. e4 dxe4 4. f3 Bf5 5. Bg5 Nbd7 6. Bc4 h6 7. Bh4 g5 8. Bg3
c6 9. Qe2 Qa5 10. O-O-O exf3 11. Nxf3 e6 12. d5 O-O-O 13. dxc6 bxc6 14. Ba6+
1-0

[Event "10. Open Pueblo Nuevo 2023"]
[Site "Madrid ESP"]
[Date "2023.09.25"]
[Round "3.8"]
[White "Martin Garcia, Francisco Javier"]
[Black "Estevez Sacristan, Deva"]
[Result "0-1"]
[WhiteElo "1560"]
[BlackElo "1948"]
[PlyCount "74"]
[EventDate "2023.09.23"]
[EventType "swiss"]
[EventRounds "9"]
[EventCountry "ESP"]
[SourceTitle "Ajedrez en Madrid"]
[Source "lmi"]
[SourceDate "2023.09.23"]
[SourceVersion "1"]
[SourceVersionDate "2023.10.01"]
[SourceQuality "1"]

1. d4 Nf6 2. Nf3 e6 3. g3 d5 4. Bg2 b6 5. O-O Bb7 6. Ne5 Be7 7. c4 O-O 8. b3
Nbd7 9. Bb2 Rc8 10. Nd2 c5 11. e3 Qc7 12. f4 Ne4 13. Ndf3 f6 14. Nxd7 Qxd7 15.
Bh3 Rcd8 16. Rc1 dxc4 17. bxc4 Qc6 18. Bg2 Rd6 19. Nd2 f5 20. Nf3 Rfd8 21. Ne5
Qe8 22. Qe2 Bf6 23. Rfe1 h5 24. Qc2 Bxe5 25. fxe5 R6d7 26. Rcd1 Qg6 27. Qe2 Qg5
28. Qc2 h4 29. d5 exd5 30. cxd5 hxg3 31. Bxe4 gxh2+ 32. Kh1 fxe4 33. d6 g6 34.
Qc4+ Rf7 35. e6 Rf2 36. e7+ Kh7 37. exd8=Q Qg2# 0-1

[Event "10. Open Pueblo Nuevo 2023"]
[Site "Madrid ESP"]
[Date "2023.09.25"]
[Round "3.9"]
[White "Martin Arbeloa, Fernando"]
[Black "Benito Mellado, Humberto"]
[Result "1-0"]
[WhiteElo "1873"]
[BlackElo "1335"]
[PlyCount "85"]
[EventDate "2023.09.23"]
[EventType "swiss"]
[EventRounds "9"]
[EventCountry "ESP"]
[SourceTitle "Ajedrez en Madrid"]
[Source "lmi"]
[SourceDate "2023.09.23"]
[SourceVersion "1"]
[SourceVersionDate "2023.10.01"]
[SourceQuality "1"]

1. d4 d5 2. c4 c6 3. cxd5 cxd5 4. Bf4 Nf6 5. e3 Nc6 6. Nc3 a6 7. Bd3 g6 8. h3
Bg7 9. Nf3 O-O 10. O-O Nb4 11. Be2 Bf5 12. Qb3 a5 13. Rfc1 Bd3 14. a3 Bxe2 15.
Nxe2 Na6 16. Qxb7 Qd7 17. Qxd7 Nxd7 18. Rc6 Rfc8 19. Rac1 Rxc6 20. Rxc6 f6 21.
Nc3 e5 22. Bg3 Ndb8 23. Rc8+ Kf7 24. Nb5 Ke6 25. dxe5 fxe5 26. Nxe5 Bxe5 27.
Re8+ Kf7 28. Rxe5 Nd7 29. Rxd5 Nf6 30. Nd6+ Ke6 31. Rxa5 Nc7 32. Rxa8 Nxa8 33.
Nc4 Kd5 34. Nd2 Nb6 35. Kf1 Na4 36. b4 Nc3 37. f3 Nd7 38. Bf2 Nb8 39. e4+ Ke6
40. Bd4 Nb5 41. Bb2 Na6 42. Ke2 Na7 43. Kd3 1-0

[Event "10. Open Pueblo Nuevo 2023"]
[Site "Madrid ESP"]
[Date "2023.09.25"]
[Round "3.10"]
[White "Villodre Miranda, Juan Alonso"]
[Black "Iriarte Diez, Enrique"]
[Result "0-1"]
[WhiteElo "1507"]
[BlackElo "1872"]
[PlyCount "90"]
[EventDate "2023.09.23"]
[EventType "swiss"]
[EventRounds "9"]
[EventCountry "ESP"]
[SourceTitle "Ajedrez en Madrid"]
[Source "lmi"]
[SourceDate "2023.09.23"]
[SourceVersion "1"]
[SourceVersionDate "2023.10.01"]
[SourceQuality "1"]

1. c4 g6 2. g3 Bg7 3. Nc3 e5 4. e4 Nc6 5. Nge2 Nge7 6. Bg2 O-O 7. O-O d6 8. d3
f5 9. f4 Be6 10. h3 Qd7 11. Kh2 Rae8 12. Rb1 a5 13. b3 Bf7 14. a3 Nd8 15. Bb2
c6 16. b4 axb4 17. axb4 d5 18. exd5 cxd5 19. fxe5 Bxe5 20. d4 Bb8 21. c5 h5 22.
Bc1 h4 23. Bh6 Ne6 24. Bxf8 Rxf8 25. b5 Kg7 26. Kg1 Rh8 27. Qd2 g5 28. Kf2
hxg3+ 29. Nxg3 Nf4 30. Ke1 Qe6+ 31. Kd1 Nxg2 32. Qxg2 Qe3 33. Nge2 Rxh3 34. Kc2
Qd3+ 35. Kb3 g4 36. Ka4 Qc2+ 37. Kb4 Rxc3 38. Nxc3 Qxg2 39. Rfe1 Kf6 40. Re2
Qf3 41. Rbe1 Ng6 42. Ra2 Qd3 43. Rd1 Qc4+ 44. Ka5 Qxc3+ 45. Kb6 Qb3 0-1

[Event "10. Open Pueblo Nuevo 2023"]
[Site "Madrid ESP"]
[Date "2023.09.25"]
[Round "3.12"]
[White "Becerra Baigorri, Jose"]
[Black "Barahona Torrijos, Angel"]
[Result "0-1"]
[WhiteElo "1494"]
[BlackElo "1745"]
[PlyCount "58"]
[EventDate "2023.09.23"]
[EventType "swiss"]
[EventRounds "9"]
[EventCountry "ESP"]
[SourceTitle "Ajedrez en Madrid"]
[Source "lmi"]
[SourceDate "2023.09.23"]
[SourceVersion "1"]
[SourceVersionDate "2023.10.01"]
[SourceQuality "1"]

1. e4 e5 2. Nf3 Nc6 3. Bb5 a6 4. Ba4 Nf6 5. O-O Nxe4 6. Re1 b5 7. Bb3 d5 8. d3
Nc5 9. Nxe5 Nxe5 10. Rxe5+ Be6 11. Bxd5 Bd6 12. Rxe6+ Nxe6 13. Bxa8 Qxa8 14.
Nc3 O-O 15. Ne4 Be5 16. Qh5 f5 17. Ng5 Nxg5 18. Qxg5 Qe8 19. Qe3 Qc6 20. c3 Re8
21. Qd2 Qd6 22. f4 Bxf4 23. Qxf4 Re1+ 24. Kf2 Qxf4+ 25. Bxf4 Rxa1 26. Bxc7 Rxa2
27. Kf3 Rxb2 28. d4 Kf7 29. d5 Rd2 0-1

[Event "10. Open Pueblo Nuevo 2023"]
[Site "Madrid ESP"]
[Date "2023.09.25"]
[Round "3.14"]
[White "Aldea Moreno, Marina"]
[Black "Jimenez Gonzalez, Marcos"]
[Result "1/2-1/2"]
[WhiteElo "1643"]
[BlackElo "1775"]
[PlyCount "71"]
[EventDate "2023.09.23"]
[EventType "swiss"]
[EventRounds "9"]
[EventCountry "ESP"]
[SourceTitle "Ajedrez en Madrid"]
[Source "lmi"]
[SourceDate "2023.09.23"]
[SourceVersion "1"]
[SourceVersionDate "2023.10.01"]
[SourceQuality "1"]

1. e4 c6 2. d4 d5 3. e5 c5 4. Nf3 Nc6 5. dxc5 Bg4 6. Bb5 e6 7. b4 Nge7 8. Nbd2
Ng6 9. h3 Bxf3 10. Nxf3 Be7 11. O-O O-O 12. Bxc6 bxc6 13. Qe2 Qc7 14. Bd2 Rfe8
15. Rfe1 f6 16. Rab1 Rab8 17. Rb3 Nxe5 18. Nxe5 fxe5 19. Qxe5 Qxe5 20. Rxe5 Bf6
21. Re1 e5 22. Ra3 Rb7 23. Rb1 e4 24. Ra6 Rc8 25. Rb3 Be5 26. f3 Rd7 27. Kf2
Rf7 28. Rba3 Rcc7 29. Ke2 Bg3 30. Kd1 Bf2 31. Kc1 Bd4 32. Bc3 Be3+ 33. Bd2 Bd4
34. Bc3 Be3+ 35. Bd2 Bd4 36. Bc3 1/2-1/2

[Event "10. Open Pueblo Nuevo 2023"]
[Site "Madrid ESP"]
[Date "2023.09.25"]
[Round "3.15"]
[White "Perez Pascual, Arturo"]
[Black "De la Torre Campo, Rafael"]
[Result "0-1"]
[WhiteElo "1616"]
[BlackElo "1719"]
[PlyCount "58"]
[EventDate "2023.09.23"]
[EventType "swiss"]
[EventRounds "9"]
[EventCountry "ESP"]
[SourceTitle "Ajedrez en Madrid"]
[Source "lmi"]
[SourceDate "2023.09.23"]
[SourceVersion "1"]
[SourceVersionDate "2023.10.01"]
[SourceQuality "1"]

1. e4 c5 2. Nf3 d6 3. d4 cxd4 4. Nxd4 Nf6 5. Nc3 g6 6. Be2 Bg7 7. O-O O-O 8.
Be3 a6 9. Kh1 b5 10. a3 Bb7 11. f3 Nbd7 12. Qd2 Rc8 13. Bh6 Qb6 14. Bxg7 Kxg7
15. Nb3 Ne5 16. a4 b4 17. Nd5 Nxd5 18. exd5 a5 19. Rfd1 Nc4 20. Qd4+ Qxd4 21.
Rxd4 Ne3 22. Bd3 Nxc2 23. Bxc2 Rxc2 24. Nxa5 Ba8 25. b3 Rc5 26. Nc6 Bxc6 27.
dxc6 Rb8 28. h3 Rxc6 29. a5 Ra6 0-1

[Event "10. Open Pueblo Nuevo 2023"]
[Site "Madrid ESP"]
[Date "2023.09.25"]
[Round "3.16"]
[White "Sotoca Aguado, Jose"]
[Black "Martin Sanchez, Fernando"]
[Result "1-0"]
[WhiteElo "1667"]
[BlackElo "1486"]
[PlyCount "71"]
[EventDate "2023.09.23"]
[EventType "swiss"]
[EventRounds "9"]
[EventCountry "ESP"]
[SourceTitle "Ajedrez en Madrid"]
[Source "lmi"]
[SourceDate "2023.09.23"]
[SourceVersion "1"]
[SourceVersionDate "2023.10.01"]
[SourceQuality "1"]

1. d4 d6 2. c4 c5 3. d5 e5 4. e4 Be7 5. Nc3 Bg5 6. Bd3 Bxc1 7. Qxc1 Nh6 8. Nge2
O-O 9. O-O f5 10. exf5 Nxf5 11. Bxf5 Bxf5 12. Qe3 Nd7 13. Ng3 Bg6 14. Nge4 Nf6
15. f4 Nxe4 16. Nxe4 exf4 17. Rxf4 Re8 18. Qf3 Qe7 19. Ng3 Qe5 20. Rf1 Qxb2 21.
h4 Qe5 22. h5 Bc2 23. Rf2 Qe1+ 24. Kh2 Bd1 25. Qd3 Re3 26. Qf5 h6 27. Qd7 Kh8
28. Nf5 Rg8 29. Rf1 Qe2 30. Nxe3 Qxe3 31. Rxd1 Re8 32. Rdf1 Re7 33. Qc8+ Kh7
34. Qf5+ Kh8 35. Qg6 Kg8 36. Rf8# 1-0